| 000 | 00384nam a2200145Ia 4500 | ||
|---|---|---|---|
| 008 | 211109s9999||||xx |||||||||||||| ||und|| | ||
| 082 |
_a801.95 _bLOD-M |
||
| 100 | _aLodge, David | ||
| 245 | 0 | _aModern Criticism and Theory:A Reader | |
| 260 |
_bPearson India Education Services _aNew Delhi _c1900 |
||
| 300 | _a550p | ||
| 630 | _xGENERAL STACK | ||
| 650 | _vGeneralia | ||
| 942 | _cBOOK | ||
| 999 |
_c46201 _d46201 |
||